Rethinking Context : (Record no. 608268)

MARC details
000 -LEADER
fixed length control field 00523nam a2200193 a 4500
008 - FIXED-LENGTH DATA ELEMENTS--GENERAL INFORMATION
fixed length control field 260111s1992##################000#0#eng##
020 ## - INTERNATIONAL STANDARD BOOK NUMBER
ISBN 9780521422888
082 04 - DEWEY DECIMAL CLASSIFICATION NUMBER
Classification number 302.224
Item number DUR
100 1# - MAIN ENTRY--AUTHOR NAME
Personal name Duranti, Alessandro,
245 10 - TITLE STATEMENT
Title Rethinking Context :
260 ## - PUBLICATION, DISTRIBUTION, ETC. (IMPRINT)
Name of publisher Cambridge University Press,
Year of publication 1992.
300 ## - PHYSICAL DESCRIPTION
Number of Pages 376 pages
650 #0 - SUBJECT ADDED ENTRY--TOPICAL TERM
Topical Term Language Arts & Disciplines.
942 ## - ADDED ENTRY ELEMENTS (KOHA)
Koha item type English Books
Holdings
Withdrawn status Lost status Damaged status Not for loan Home library Current library Shelving location Date acquired Full call number Accession Number Price effective from Koha item type
        Anna Centenary Library Anna Centenary Library 3RD FLOOR, B WING 12.01.2026 302.224 DUR 234289 12.01.2026 English Books

Find us on the map